000 00303nam a22001337a 4500
008 170608b xxu||||| |||| 00| 0 eng d
020 _a9781588264879
041 _aeng
080 _a94
100 _a18
101 _aSHH
245 _aTHE ROLE OF NGOS IN ARMED CONFLICT
_cGOODHAND,J
942 _2udc
_cBK
999 _c16359
_d16359